Statistics for Capitals in 1500 BC

Click here to take the quiz!

General Stats

  • This quiz has been taken 13 times
  • The average score is 6 of 16

Answer Stats

StateCapital% Correct
Minoan CivilisationKnossos
67%
Egypt (18th Dynasty)Thebes
67%
Old Assyrian EmpireAššur
56%
Hittite EmpireHattusa
56%
QiQi
56%
ElamSusa
56%
XuXu
56%
Kerma KingdomKerma
33%
ArzawaApasa
22%
Babylonia (Kassite dynasty)Dur-Kurigalzu
22%
Bactria–Margiana Archaeological ComplexGonur Depe
22%
KizzuwatnaKummanni
22%
Văn LangPhong Châu
22%
Kingdom of DilmunQal'at al-Bahrain
22%
MitanniWashukanni
22%
Shang DynastyYan
22%

Score Distribution

Percentile by Number Answered

Percent of People with Each Score

Your Score History

You have not taken this quiz